Southville International School and Colleges
Your cart is empty.
  • Cart
  • Lists
    Public lists Eva Luna New books Lux_list list_1
    Your lists Log in to create your own lists
  • Log in to your account
  • Your cookies
  • Search history
Southville International School and Colleges
  • Advanced search
  • Recent comments
  • Most popular
  • Libraries

Log in to your account

Log in with GOOGLE


If you do not have an external account, but do have a local account, you can still log in:

  1. Home
  2. MARC view: Writing the short film /
Normal view MARC view ISBD view

Writing the short film / (Record no. 21149)

[ view plain ]
MARC details
000 -LEADER
fixed length control field 00556nam a2200205 a 4500
005 - DATE AND TIME OF LATEST TRANSACTION
control field 20140310183310.0
008 - FIXED-LENGTH DATA ELEMENTS--GENERAL INFORMATION
fixed length control field 051020s19uu xx 00 eng d
020 ## - INTERNATIONAL STANDARD BOOK NUMBER
International Standard Book Number 9780240805887
050 ## - LIBRARY OF CONGRESS CALL NUMBER
Classification number PN 1996
Item number .C814 2005
100 ## - MAIN ENTRY--PERSONAL NAME
Personal name Cooper, Pat
245 ## - TITLE STATEMENT
Title Writing the short film /
Statement of responsibility, etc Pat Cooper and Ken Dancyger.
250 ## - EDITION STATEMENT
Edition statement 3rd ed.
260 ## - PUBLICATION, DISTRIBUTION, ETC. (IMPRINT)
Place of publication, distribution, etc London :
Name of publisher, distributor, etc Elsevier Focal Press,
Date of publication, distribution, etc 2005.
300 ## - PHYSICAL DESCRIPTION
Extent 359 p. :
Dimensions 23 cm.
521 ## - TARGET AUDIENCE NOTE
Target audience note
650 ## - SUBJECT ADDED ENTRY--TOPICAL TERM
Topical term or geographic name as entry element Short films
General subdivision Authorship.
700 ## - ADDED ENTRY--PERSONAL NAME
Personal name Dancyger, Ken
942 ## - ADDED ENTRY ELEMENTS (KOHA)
Koha item type Books
Source of classification or shelving scheme Library of Congress Classification
Call number prefix Foreign
Holdings
Withdrawn status Lost status Source of classification or shelving scheme Damaged status Home library Current library Shelving location Date acquired Source of acquisition Cost, normal purchase price Total Checkouts Full call number Barcode Date last seen Copy number Price effective from Koha item type
    Library of Congress Classification   College Library College Library General Circulation Section 10/20/2005   2376.00   PN 1996 .C814 2005 C6202 05/15/2018 1 10/10/2013 Books

Writing the short film /

APA

Cooper P., Dancyger K., . (2005). Writing the short film. London: Elsevier Focal Press.

Chicago

Cooper Pat, Dancyger Ken, . 2005. Writing the short film. London: Elsevier Focal Press.

Harvard

Cooper P., Dancyger K., . (2005). Writing the short film. London: Elsevier Focal Press.

MLA

Cooper Pat, Dancyger Ken, . Writing the short film. London: Elsevier Focal Press. 2005.

  • Place hold
  • Print
  • Cite
  • Add to your cart (remove)
  • Save record
    BIBTEX Dublin Core MARCXML MARC (non-Unicode/MARC-8) MARC (Unicode/UTF-8) MARC (Unicode/UTF-8, Standard) MODS (XML) RIS
  • More searches
    Search for this title in:
    Other Libraries (WorldCat) Other Databases (Google Scholar) Online Stores (Bookfinder.com) Open Library (openlibrary.org)

Exporting to Dublin Core...

SOUTHVILLE LIBRARY

Southville International School and Colleges Library

1281 Tropical Ave. Cor. Luxembourg St., BF Homes International, Las Pinas City

Tel. No. 8256374 / 252358 Loc. 117/146

Powered by Koha